Loading...
| Current Events | 1 | 10.00 | 100% | 0% | 0% |
| Fine Arts - Auditory Fine Arts | 6 | 15.00 | 83% | 50% | 17% |
| Fine Arts - Other Fine Arts | 4 | 10.00 | 100% | 0% | 0% |
| Fine Arts - Visual Fine Arts | 3 | 13.33 | 67% | 67% | 0% |
| Geography | 1 | 10.00 | 100% | 0% | 0% |
| History - American History | 2 | 10.00 | 100% | 0% | 0% |
| History - European History | 4 | 12.50 | 100% | 25% | 0% |
| History - Other History | 8 | 8.75 | 75% | 13% | 0% |
| History - World History | 5 | 8.00 | 60% | 20% | 0% |
| Literature - American Literature | 5 | 10.00 | 80% | 20% | 0% |
| Literature - European Literature | 3 | 13.33 | 100% | 33% | 0% |
| Literature - World Literature | 6 | 11.67 | 83% | 33% | 0% |
| Mythology | 6 | 8.33 | 83% | 0% | 0% |
| Other Academic | 1 | 10.00 | 100% | 0% | 0% |
| Philosophy | 4 | 12.50 | 75% | 50% | 0% |
| Pop Culture | 3 | 13.33 | 67% | 33% | 33% |
| Religion | 4 | 7.50 | 75% | 0% | 0% |
| Science - Biology | 6 | 16.67 | 100% | 33% | 33% |
| Science - Chemistry | 7 | 10.00 | 57% | 29% | 14% |
| Science - Other Science | 4 | 15.00 | 100% | 25% | 25% |
| Science - Physics | 4 | 17.50 | 100% | 50% | 25% |
| Social Science | 2 | 15.00 | 100% | 50% | 0% |